[Event "DEM U12/U12w 2008"]
[Site "Willingen GER"]
[Date "2008.05.12"]
[Round "4"]
[White "Bauer, Andreas"]
[Black "Höpfner, Tim"]
[Result "1-0"]
[Termination "normal"]
[Board "2"]
[WhiteElo "1986"]
[BlackElo "1766"]
[PlyCount "45"]
[WhiteFideId "4625030"]
[BlackFideId "4638310"]
[EventCountry "GER"]
[EventRounds "11"]
[EventType "swiss"]
[EventDate "2008.05.10"]

1. d4 Nf6 2. Bf4 g6 3. e3 Bg7 4. Nd2 d6 5. h3 O-O 6. Ngf3 Nfd7 7. c3 e5 8. dxe5
Nxe5 9. Be2 Nbd7 10. O-O Nc5 11. Nb3 Ne6 12. Bg3 f5 13. Nxe5 dxe5 14. Qxd8 Rxd8
15. Rfd1 Bd7 16. Bc4 b6 17. Rxd7 Rxd7 18. Bxe6+ Rf7 19. Rd1 Kf8 20. Bxf7 Kxf7
21. Rd7+ Kg8 22. Rxc7 g5 23. f3 1-0

[Event "DEM U12/U12w 2008"]
[Site "Willingen GER"]
[Date "2008.05.12"]
[Round "4"]
[White "Carow, Johannes"]
[Black "Blübaum, Matthias"]
[Result "0-1"]
[Termination "normal"]
[Board "3"]
[WhiteElo "1668"]
[BlackElo "1912"]
[PlyCount "108"]
[WhiteFideId "24692050"]
[BlackFideId "24651516"]
[EventCountry "GER"]
[EventRounds "11"]
[EventType "swiss"]
[EventDate "2008.05.10"]

1. d4 Nf6 2. c4 c5 3. d5 b5 4. cxb5 a6 5. bxa6 g6 6. Nc3 Bxa6 7. e4 Bxf1 8.
Kxf1 d6 9. Nf3 Bg7 10. g3 O-O 11. Kg2 Nbd7 12. Qc2 Qb6 13. Re1 Rfb8 14. Nd2 Qa6
15. f4 Nb6 16. b3 Qb7 17. Bb2 e6 18. dxe6 fxe6 19. Kg1 d5 20. e5 Nfd7 21. Nb5
Nc8 22. Nd6 Nxd6 23. exd6 Bxb2 24. Qxb2 Re8 25. Nf3 Qc6 26. Ne5 Qxd6 27. Qc2
Nxe5 28. Rxe5 Qb6 29. Kg2 Qa5 30. h4 Qb4 31. h5 Qd4 32. Rd1 Rxa2 33. Qxa2 Qxd1
34. hxg6 hxg6 35. Qa4 Qc2+ 36. Kh3 Re7 37. Qa8+ Kf7 38. Qh8 d4 39. Qh7+ Ke8 40.
Qg8+ Kd7 41. Qb8 Qd3 42. Qb7+ Ke8 43. Qc8+ Kf7 44. Qxc5 Qf1+ 45. Kg4 Qd1+ 46.
Kh3 d3 47. f5 Qh1+ 48. Kg4 Qh5+ 49. Kf4 g5+ 50. Ke3 Qe2+ 51. Kd4 Rd7+ 52. Kc3
Qc2+ 53. Kb4 Qxc5+ 54. Kxc5 Rd5+ 0-1

[Event "DEM U12/U12w 2008"]
[Site "Willingen GER"]
[Date "2008.05.12"]
[Round "4"]
[White "Svane, Rasmus"]
[Black "Stahnecker, Ludwig"]
[Result "0-1"]
[Termination "normal"]
[Board "4"]
[WhiteElo "1911"]
[BlackElo "1694"]
[PlyCount "126"]
[WhiteFideId "4657101"]
[BlackFideId "24692026"]
[EventCountry "GER"]
[EventRounds "11"]
[EventType "swiss"]
[EventDate "2008.05.10"]

1. e4 c5 2. Nf3 e6 3. d4 cxd4 4. Nxd4 a6 5. Nc3 Qc7 6. g3 Nf6 7. Bg2 Nc6 8. O-O
Be7 9. Re1 O-O 10. Nxc6 dxc6 11. e5 Nd5 12. Qg4 f5 13. exf6 Bxf6 14. Ne4 Bd4
15. c3 Ba7 16. c4 Nb4 17. Qe2 a5 18. a3 Na6 19. Be3 Bxe3 20. Qxe3 Qe7 21. Rad1
Nc7 22. Qd3 Ne8 23. Re3 Nf6 24. Rf3 e5 25. Nxf6+ gxf6 26. Re3 Be6 27. Rde1 Rad8
28. Qe2 Rd4 29. b3 Qxa3 30. f4 Qc5 31. fxe5 fxe5 32. Rxe5 Rd5+ 33. Kh1 Rxe5 34.
Qxe5 Qxe5 35. Rxe5 Rf6 36. Rxa5 Kg7 37. Ra7 Rf7 38. h3 Kf6 39. Ra5 Rd7 40. Rh5
Bf5 41. b4 Rd4 42. Bf1 b6 43. Kg2 Bg6 44. Rh4 Rxh4 45. gxh4 c5 46. bxc5 bxc5
47. Kf3 Ke5 48. Ke3 Bf5 49. Bg2 Be6 50. Bf1 Bf5 51. Bd3 Bxd3 52. Kxd3 Kf4 53.
h5 h6 54. h4 Kf3 55. Kc3 Ke3 56. Kc2 Kd4 57. Kd2 Kxc4 58. Kc2 Kd4 59. Kd2 Ke4
60. Ke2 Kf4 61. Kd3 Kg4 62. Kc4 Kxh5 63. Kxc5 Kxh4 0-1

[Event "DEM U12/U12w 2008"]
[Site "Willingen GER"]
[Date "2008.05.12"]
[Round "4"]
[White "Große, Christian"]
[Black "Noe, Christopher"]
[Result "0-1"]
[Termination "normal"]
[Board "5"]
[WhiteElo "1885"]
[BlackElo "1877"]
[PlyCount "54"]
[WhiteFideId "24646156"]
[BlackFideId "24692018"]
[EventCountry "GER"]
[EventRounds "11"]
[EventType "swiss"]
[EventDate "2008.05.10"]

1. c4 e5 2. e3 Nc6 3. a3 Nf6 4. b3 Be7 5. Bb2 O-O 6. d3 d6 7. Be2 Re8 8. Nf3
Nd7 9. Nbd2 Bf6 10. Qc2 a5 11. O-O Nc5 12. Rac1 Bf5 13. Ne1 Qd7 14. Qb1 Qe7 15.
Bd1 e4 16. d4 Nxd4 17. Bxd4 Bxd4 18. b4 axb4 19. axb4 Nd7 20. Nb3 Bf6 21. Bc2
Bg6 22. g3 Ne5 23. Ng2 Nxc4 24. Nf4 Na3 25. Qa2 Nb5 26. Qb1 Nc3 27. Nxg6 hxg6
0-1

[Event "DEM U12/U12w 2008"]
[Site "Willingen GER"]
[Date "2008.05.12"]
[Round "4"]
[White "Xu, Xianliang"]
[Black "Nöttling, Dominik"]
[Result "0-1"]
[Termination "normal"]
[Board "6"]
[WhiteElo "1801"]
[BlackElo "1728"]
[PlyCount "144"]
[WhiteFideId "4603230"]
[BlackFideId "24672807"]
[EventCountry "GER"]
[EventRounds "11"]
[EventType "swiss"]
[EventDate "2008.05.10"]

1. e4 c5 2. d4 cxd4 3. c3 dxc3 4. Nxc3 Nc6 5. Nf3 d6 6. Bc4 e6 7. O-O Nf6 8.
Qe2 Be7 9. Rd1 e5 10. h3 O-O 11. Bg5 Be6 12. Bxf6 Bxf6 13. Nd5 Be7 14. Qd2 Bxd5
15. Bxd5 Qb6 16. Rac1 Rac8 17. Rc3 Na5 18. Rdc1 Rxc3 19. Qxc3 Nc6 20. b3 Nb4
21. Qd2 Nxd5 22. Qxd5 h6 23. Qc4 a6 24. Qc7 Bd8 25. Qd7 g6 26. Ne1 Kg7 27. Rc8
Bh4 28. Rc2 Rd8 29. Qg4 Bf6 30. Nf3 h5 31. Qg3 Rd7 32. Nh4 Bxh4 33. Qxh4 Rc7
34. Rxc7 Qxc7 35. Kh2 Qc2 36. Qe7 Qxf2 37. Qxb7 Qxa2 38. Qd5 Qa3 39. Qc4 a5 40.
Qd5 Qc5 41. Qd2 Qb6 42. Qd3 Qd4 43. Qe2 a4 44. bxa4 Qxa4 45. Qd3 Qd4 46. Qe2 d5
47. exd5 Qxd5 48. Qe3 Qd4 49. Qe2 e4 50. Qe1 e3 51. Qf1 Qe5+ 52. Kg1 e2 53. Qe1
Qe3+ 54. Kh1 Qd3 55. Qa1+ Kh7 56. Kh2 Qd6+ 57. g3 Qd2 58. Kg1 e1=R+ 59. Qxe1
Qxe1+ 60. Kg2 h4 61. gxh4 Qxh4 62. Kh2 g5 63. Kg2 f5 64. Kh2 g4 65. Kg2 Qxh3+
66. Kf2 f4 67. Ke2 Qf3+ 68. Kd2 g3 69. Kc2 g2 70. Kd2 g1=R 71. Kc2 Rg2+ 72. Kc1
Qf1# 0-1

[Event "DEM U12/U12w 2008"]
[Site "Willingen GER"]
[Date "2008.05.12"]
[Round "4"]
[White "Takeuchi, Eiki"]
[Black "Azizi, Nassim"]
[Result "0-1"]
[Termination "normal"]
[Board "7"]
[WhiteElo "1778"]
[BlackElo "1643"]
[PlyCount "192"]
[WhiteFideId "24663751"]
[BlackFideId "4608119"]
[EventCountry "GER"]
[EventRounds "11"]
[EventType "swiss"]
[EventDate "2008.05.10"]

1. e4 c5 2. Nf3 e6 3. d4 cxd4 4. Nxd4 Bc5 5. Nb3 Bb6 6. c4 Ne7 7. Nc3 O-O 8.
Be2 Nbc6 9. O-O f5 10. Qc2 fxe4 11. Qxe4 d5 12. Qh4 Ng6 13. Qxd8 Rxd8 14. Bg5
Nce7 15. Rad1 h6 16. Be3 Bc7 17. Rd2 Be5 18. Rfd1 Bxc3 19. bxc3 b6 20. cxd5
exd5 21. Bf3 Bb7 22. c4 Rd7 23. cxd5 Ne5 24. Be4 Nc4 25. Rd4 Nd6 26. Bf3 Nef5
27. R4d2 Nc4 28. Re2 Ne5 29. Be4 Ne7 30. Red2 Nc4 31. Rd4 Nd6 32. Bc2 Rad8 33.
Ra4 Bxd5 34. Rf4 Be6 35. Rfd4 Nb5 36. Rxd7 Rxd7 37. Rxd7 Bxd7 38. a4 Nc3 39.
Bd3 Bxa4 40. Nd2 Nb5 41. Nc4 Nc7 42. Bf4 Ncd5 43. Bd6 Kf7 44. Kf1 Ke6 45. Ba3
Bb5 46. g3 Nc6 47. Bb2 Nf6 48. Ke1 Na5 49. Ne5 Bxd3 50. Nxd3 Nc4 51. Bc3 a5 52.
f3 b5 53. Nc5+ Kd5 54. Nb3 b4 55. Ba1 a4 56. Nd2 a3 57. Nb3 Nb6 58. Kd2 Kc4 59.
Nc5 Kb5 60. Nb3 Nc4+ 61. Kd3 Na5 62. Nxa5 Kxa5 63. Kc2 Ka4 64. Bd4 b3+ 65. Kb1
b2 66. Bxb2 axb2 67. Kxb2 Kb4 68. Kc2 Kc4 69. Kd2 Kd4 70. Ke2 Ke5 71. Ke3 Nd5+
72. Kd3 Kf5 73. Kd4 Ne7 74. Ke3 g5 75. h3 Ke5 76. f4+ gxf4+ 77. gxf4+ Kf5 78.
Kf3 Nd5 79. Kg3 Nxf4 80. Kh4 h5 81. Kg3 Kg5 82. h4+ Kf5 83. Kf3 Ng6 84. Kg3 Ke4
85. Kh3 Kf3 86. Kh2 Nxh4 87. Kh3 Nf5 88. Kh2 h4 89. Kh3 Kf4 90. Kg2 Kg4 91. Kh2
h3 92. Kh1 Kg3 93. Kg1 Ne3 94. Kh1 Ng4 95. Kg1 h2+ 96. Kh1 Nf2# 0-1

[Event "DEM U12/U12w 2008"]
[Site "Willingen GER"]
[Date "2008.05.12"]
[Round "4"]
[White "Powierski, Emil"]
[Black "Möhn, Hans"]
[Result "1/2-1/2"]
[Termination "normal"]
[Board "8"]
[WhiteElo "1564"]
[BlackElo "1825"]
[PlyCount "84"]
[WhiteFideId "4656199"]
[BlackFideId "24647837"]
[EventCountry "GER"]
[EventRounds "11"]
[EventType "swiss"]
[EventDate "2008.05.10"]

1. e4 c5 2. Nf3 e6 3. d4 cxd4 4. Nxd4 a6 5. Nc3 b5 6. Bd3 Bb7 7. Be3 d6 8. a4
b4 9. Na2 Nf6 10. f3 e5 11. Nf5 g6 12. Ng3 d5 13. Bg5 h6 14. Bd2 dxe4 15. Nxe4
Nxe4 16. Bxe4 Bxe4 17. fxe4 Qh4+ 18. Kf1 Qxe4 19. Qf3 Qxf3+ 20. gxf3 Nc6 21.
Kf2 O-O-O 22. Rad1 Bc5+ 23. Be3 Bxe3+ 24. Kxe3 f5 25. c3 bxc3 26. Nxc3 Nd4 27.
Rc1 Nb3 28. Rc2 Kb7 29. Ne2 Rc8 30. Rxc8 Rxc8 31. Rd1 Rc6 32. Rd5 Re6 33. Kd3
Kc6 34. Kc4 e4 35. f4 e3 36. Rd8 Nd2+ 37. Kd3 Rd6+ 38. Nd4+ Kc7 39. Rxd6 Kxd6
40. b4 Ne4 41. h4 h5 42. b5 axb5 1/2-1/2

[Event "DEM U12/U12w 2008"]
[Site "Willingen GER"]
[Date "2008.05.12"]
[Round "4"]
[White "Kreyssig, Robert"]
[Black "Galkin, Wladislaw"]
[Result "1-0"]
[Termination "normal"]
[Board "9"]
[WhiteElo "1775"]
[BlackElo "1969"]
[PlyCount "49"]
[WhiteFideId "4662881"]
[BlackFideId "4603192"]
[EventCountry "GER"]
[EventRounds "11"]
[EventType "swiss"]
[EventDate "2008.05.10"]

1. d4 d5 2. c4 dxc4 3. e4 e5 4. Nf3 exd4 5. Bxc4 Bb4+ 6. Nbd2 Nc6 7. O-O Nf6 8.
e5 Nd5 9. a3 Bxd2 10. Bxd2 Bg4 11. Qb3 Bxf3 12. Qxf3 Nce7 13. Bg5 O-O 14. Bxd5
Qxd5 15. Bxe7 Qxf3 16. gxf3 Rfe8 17. Bc5 Rxe5 18. Bxd4 Rf5 19. Rac1 c6 20. Rfe1
Rxf3 21. Bxa7 h6 22. Bd4 Rf5 23. Bc3 Rc8 24. Re5 Rf3 25. Rce1 1-0

[Event "DEM U12/U12w 2008"]
[Site "Willingen GER"]
[Date "2008.05.12"]
[Round "4"]
[White "Osmanodja, Filiz"]
[Black "Schoepe, Tobias"]
[Result "1-0"]
[Termination "normal"]
[Board "10"]
[WhiteElo "1984"]
[BlackElo "1550"]
[PlyCount "143"]
[WhiteFideId "24633569"]
[BlackFideId "24692107"]
[EventCountry "GER"]
[EventRounds "11"]
[EventType "swiss"]
[EventDate "2008.05.10"]

1. e4 e5 2. Nf3 Nc6 3. Bb5 a6 4. Ba4 Bc5 5. c3 b5 6. Bb3 Nf6 7. O-O Nxe4 8. Bd5
Nxf2 9. Rxf2 Bxf2+ 10. Kxf2 Qf6 11. Qe2 O-O 12. Bxc6 Qxc6 13. Qxe5 d6 14. Qf4
Bb7 15. d3 Qd5 16. Qd4 Rfe8 17. Qxd5 Bxd5 18. Bf4 Bxf3 19. gxf3 Re6 20. Nd2
Rae8 21. Ne4 h6 22. Bd2 d5 23. Ng3 c6 24. Re1 Rxe1 25. Bxe1 g6 26. Bd2 h5 27.
Be3 a5 28. Ne2 a4 29. Nd4 Rc8 30. Kg3 Kg7 31. h4 f6 32. Bf4 Kf7 33. Bd6 Ke8 34.
Bc5 Kf7 35. f4 f5 36. Nf3 Re8 37. Ne5+ Kg7 38. Nxc6 Re2 39. Bd4+ Kh7 40. c4
bxc4 41. dxc4 dxc4 42. Ne5 Rc2 43. a3 Rc1 44. Bc3 Rg1+ 45. Kf2 Rh1 46. Nf3 Rc1
47. Kg2 Rc2+ 48. Nd2 Kg8 49. Kg3 Rc1 50. Nxc4 Rg1+ 51. Kf3 Rf1+ 52. Ke3 Rh1 53.
Bf6 Kf7 54. Bg5 Rh3+ 55. Kd2 Rb3 56. Kc2 Kg7 57. Ne5 Kh7 58. Nd3 Rb7 59. Kc3
Rb3+ 60. Kc2 Rb7 61. Nb4 Rc7+ 62. Kd3 Rb7 63. Kc4 Rb8 64. Be7 Rb7 65. Bc5 Rb8
66. b3 axb3 67. Kxb3 Re8 68. a4 Re4 69. Nd5 Kg7 70. a5 Re8 71. a6 Ra8 72. a7
1-0

[Event "DEM U12/U12w 2008"]
[Site "Willingen GER"]
[Date "2008.05.12"]
[Round "4"]
[White "Scheel, Henrik"]
[Black "Kyas, Philipp"]
[Result "1/2-1/2"]
[Termination "normal"]
[Board "11"]
[WhiteElo "1481"]
[BlackElo "1816"]
[PlyCount "59"]
[WhiteFideId "24692115"]
[BlackFideId "24670936"]
[EventCountry "GER"]
[EventRounds "11"]
[EventType "swiss"]
[EventDate "2008.05.10"]

1. e4 e5 2. Nf3 Nc6 3. Bc4 Bc5 4. c3 Nf6 5. d4 exd4 6. cxd4 Bb4+ 7. Bd2 Bxd2+
8. Nbxd2 d5 9. exd5 Nxd5 10. Qb3 Na5 11. Qa4+ c6 12. Bxd5 Qxd5 13. O-O O-O 14.
Rac1 Qd8 15. b4 b6 16. bxa5 Ba6 17. Rfe1 Bb5 18. Qc2 Rc8 19. axb6 axb6 20. Qf5
Ra8 21. Ra1 Ra3 22. Re3 Ra4 23. a3 h6 24. Rae1 Qa8 25. h3 Rxa3 26. Rxa3 Qxa3
27. Qg4 Qa5 28. Re7 Qa3 29. Re3 Qa5 30. Re7 1/2-1/2

[Event "DEM U12/U12w 2008"]
[Site "Willingen GER"]
[Date "2008.05.12"]
[Round "4"]
[White "Spiegelberg, Silvia"]
[Black "Lampert, Jonas"]
[Result "0-1"]
[Termination "normal"]
[Board "12"]
[WhiteElo "1455"]
[BlackElo "1762"]
[PlyCount "86"]
[WhiteFideId "24654450"]
[BlackFideId "1303759"]
[EventCountry "GER"]
[EventRounds "11"]
[EventType "swiss"]
[EventDate "2008.05.10"]

1. d4 Nf6 2. e3 g6 3. c4 d6 4. a3 Bg7 5. b4 a5 6. Bb2 O-O 7. Nf3 Nfd7 8. Nbd2
e5 9. dxe5 Nxe5 10. Nxe5 Bxe5 11. Bxe5 dxe5 12. Be2 Be6 13. Bf3 c6 14. O-O axb4
15. axb4 Rxa1 16. Qxa1 Qxd2 17. Qxe5 Qxb4 18. Rd1 Nd7 19. Qe4 Nc5 20. Qe5 Qxc4
21. Qa1 Bd5 22. Bxd5 cxd5 23. Qa3 Ne6 24. Qb2 Rb8 25. g3 Qc6 26. Rc1 Qd7 27.
Rd1 b5 28. Qe5 Qc7 29. Qxd5 Rd8 30. Qb3 Rxd1+ 31. Qxd1 Qb7 32. Qb3 b4 33. Kf1
Nc5 34. Qd1 Qb5+ 35. Ke1 Qd3 36. Qxd3 Nxd3+ 37. Kd2 Nxf2 38. Kc2 Ng4 39. Kb3
Nxe3 40. h3 Nd5 41. Kc4 Kg7 42. h4 h5 43. Kb3 Kf6 0-1

[Event "DEM U12/U12w 2008"]
[Site "Willingen GER"]
[Date "2008.05.12"]
[Round "4"]
[White "Carmesin, Matthias"]
[Black "Groetzbach, Julian"]
[Result "1-0"]
[Termination "normal"]
[Board "13"]
[WhiteElo "1641"]
[BlackElo "1484"]
[PlyCount "107"]
[WhiteFideId "4635965"]
[BlackFideId "24600938"]
[EventCountry "GER"]
[EventRounds "11"]
[EventType "swiss"]
[EventDate "2008.05.10"]

1. e4 c5 2. Nf3 d6 3. d4 cxd4 4. Nxd4 Nf6 5. Nc3 g6 6. Be3 Bg7 7. f3 O-O 8. Bc4
Nc6 9. Qd2 Bd7 10. O-O-O Rc8 11. Bb3 Ne5 12. h4 h5 13. g4 b5 14. g5 Ne8 15.
Ndxb5 Nxf3 16. Qg2 Ne5 17. Rhf1 a6 18. Nd4 Qa5 19. Nd5 Qd8 20. Ne2 Rb8 21. Bd4
a5 22. Nec3 Bc6 23. Qf2 Ng4 24. Qg1 Bxd4 25. Qxd4 Nc7 26. Nxc7 Qxc7 27. Nd5 Qd8
28. Rde1 Rb7 29. Rf3 Bd7 30. Rc3 Ne5 31. Rf1 Be8 32. Rd1 Bd7 33. a3 Bg4 34. Rf1
Bd7 35. Nf4 Be8 36. Qd5 Rb8 37. Nd3 Ng4 38. Qd4 Ra8 39. Bd5 Rb8 40. Rd1 Bd7 41.
Ba2 Be8 42. Ne1 Bb5 43. Rd2 Be8 44. Nf3 Bb5 45. Qg1 Be8 46. e5 Rb6 47. Qd4 Qb8
48. exd6 Rxd6 49. Qe4 Rxd2 50. Qxg6+ Kh8 51. Qxh5+ Kg7 52. Nxd2 Qf4 53. Rc4 Qg3
54. Qxg4 1-0

[Event "DEM U12/U12w 2008"]
[Site "Willingen GER"]
[Date "2008.05.12"]
[Round "4"]
[White "Rührmund, Daniel"]
[Black "Golosnyak, Alexander"]
[Result "1-0"]
[Termination "normal"]
[Board "14"]
[WhiteElo "1823"]
[BlackElo "1479"]
[PlyCount "57"]
[WhiteFideId "24674583"]
[BlackFideId "24659703"]
[EventCountry "GER"]
[EventRounds "11"]
[EventType "swiss"]
[EventDate "2008.05.10"]

1. e4 e5 2. Nf3 Nf6 3. Nxe5 d6 4. Nf3 Nxe4 5. Nc3 Nxc3 6. dxc3 Nc6 7. Bf4 Bg4
8. Be2 Be7 9. Qd2 O-O 10. O-O-O Re8 11. h3 Be6 12. Kb1 a5 13. h4 a4 14. a3 Qd7
15. Ng5 h6 16. Nxe6 Qxe6 17. Bf3 Qd7 18. g4 Na5 19. Qd3 Ra6 20. g5 hxg5 21.
hxg5 g6 22. Bd5 Bf8 23. Qxg6+ Bg7 24. Qh7+ Kf8 25. g6 Qf5 26. Bxf7 Re2 27. Qg8+
Ke7 28. Qe8+ Kf6 29. Qxe2 1-0

[Event "DEM U12/U12w 2008"]
[Site "Willingen GER"]
[Date "2008.05.12"]
[Round "4"]
[White "Zimmermann, Christian"]
[Black "Holle, Cedric"]
[Result "0-1"]
[Termination "normal"]
[Board "15"]
[WhiteElo "1645"]
[BlackElo "1455"]
[PlyCount "52"]
[WhiteFideId "24692069"]
[BlackFideId "24692158"]
[EventCountry "GER"]
[EventRounds "11"]
[EventType "swiss"]
[EventDate "2008.05.10"]

1. e4 e5 2. Nf3 Nc6 3. Bc4 Nf6 4. Ng5 Nxe4 5. Bxf7+ Ke7 6. Nxe4 Kxf7 7. Qf3+
Kg8 8. Nec3 h6 9. O-O Bb4 10. Qe4 d6 11. f4 Bc5+ 12. Kh1 Qf8 13. Qc4+ Kh7 14.
fxe5 Nxe5 15. Qe4+ g6 16. Rxf8 Rxf8 17. Qe1 Bg4 18. d4 Bxd4 19. Nd2 Rae8 20. h3
Nd3 21. Qh4 g5 22. Qg3 Nf2+ 23. Qxf2 Rxf2 24. hxg4 Re1+ 25. Kh2 Be5+ 26. Kh3
Rh1# 0-1

[Event "DEM U12/U12w 2008"]
[Site "Willingen GER"]
[Date "2008.05.12"]
[Round "4"]
[White "Schreiber, Kevin"]
[Black "Pfadenhauer, Johannes"]
[Result "1/2-1/2"]
[Termination "normal"]
[Board "16"]
[WhiteElo "1442"]
[BlackElo "1654"]
[PlyCount "49"]
[WhiteFideId "24655830"]
[BlackFideId "24615269"]
[EventCountry "GER"]
[EventRounds "11"]
[EventType "swiss"]
[EventDate "2008.05.10"]

1. d4 d5 2. Nf3 Nf6 3. Bf4 e6 4. e3 c5 5. c3 Nc6 6. Be2 Bd6 7. dxc5 Bxc5 8.
Nbd2 O-O 9. h3 Bd6 10. O-O Bxf4 11. exf4 Qc7 12. g3 Re8 13. Re1 e5 14. fxe5
Nxe5 15. Bf1 Bf5 16. Nxe5 Rxe5 17. Rxe5 Qxe5 18. Nf3 Qd6 19. Qd4 b6 20. Rd1 Rd8
21. g4 Be6 22. Bg2 Nd7 23. Ne1 Nb8 24. c4 Nc6 25. Qd2 1/2-1/2

[Event "DEM U12/U12w 2008"]
[Site "Willingen GER"]
[Date "2008.05.12"]
[Round "4"]
[White "Schmalhorst, Sophia"]
[Black "Urban, Lars"]
[Result "0-1"]
[Termination "normal"]
[Board "18"]
[WhiteElo "1317"]
[BlackElo "1857"]
[PlyCount "66"]
[WhiteFideId "24682497"]
[BlackFideId "4644034"]
[EventCountry "GER"]
[EventRounds "11"]
[EventType "swiss"]
[EventDate "2008.05.10"]

1. e4 e6 2. Nf3 d5 3. Nc3 Nf6 4. e5 Nfd7 5. d4 c5 6. dxc5 Nc6 7. Bf4 Bxc5 8.
Bd3 f6 9. exf6 Nxf6 10. Ne5 Nxe5 11. Bxe5 O-O 12. O-O Bd7 13. Qe2 Qe7 14. Kh1
Bc6 15. f4 Nd7 16. Qh5 g6 17. Qg4 Nxe5 18. fxe5 a6 19. a3 b5 20. b4 Be3 21. Qg3
Bd4 22. Bxg6 hxg6 23. Qxg6+ Qg7 24. Qxe6+ Kh8 25. Qxc6 Rfc8 26. Qxd5 Bxc3 27.
Rac1 Bxe5 28. c4 Rd8 29. Qe6 Rd6 30. Qf5 Rg8 31. Qf3 Rg6 32. Rc2 Qh7 33. h3 Rf6
0-1

[Event "DEM U12/U12w 2008"]
[Site "Willingen GER"]
[Date "2008.05.12"]
[Round "4"]
[White "Polert, Annika"]
[Black "Schuhmacher, Jakob"]
[Result "0-1"]
[Termination "normal"]
[Board "19"]
[WhiteElo "1196"]
[BlackElo "1657"]
[PlyCount "90"]
[WhiteFideId "24692328"]
[BlackFideId "4612787"]
[EventCountry "GER"]
[EventRounds "11"]
[EventType "swiss"]
[EventDate "2008.05.10"]

1. e4 c5 2. Nf3 Nc6 3. d4 cxd4 4. Nxd4 e6 5. Be3 Nf6 6. Bd3 e5 7. Nb3 d5 8.
exd5 Nxd5 9. Qe2 Nxe3 10. Qxe3 Be7 11. Bb5 O-O 12. O-O Nb4 13. Na3 a6 14. Be2
Qc7 15. c3 Nd5 16. Qe4 Bxa3 17. Qxd5 Be6 18. Qd2 Be7 19. Rae1 Rfd8 20. Qe3 f5
21. Bd1 Bf6 22. Bc2 g6 23. f4 e4 24. g3 Bc4 25. Rf2 Rac8 26. Rg2 Kh8 27. Kh1
Bd3 28. Bd1 Rg8 29. g4 Be7 30. Reg1 Bc5 31. Nxc5 Qxc5 32. Qh3 Qd5 33. Qg3 Rcf8
34. h4 Bc4 35. b3 Bd3 36. Qh3 Qf7 37. Kh2 fxg4 38. Qxg4 Qxf4+ 39. Qxf4 Rxf4 40.
Kg3 Rgf8 41. Kh3 Bf1 42. Rxf1 Rxf1 43. Bc2 e3 44. Bd3 R1f2 45. a3 e2 0-1

[Event "DEM U12/U12w 2008"]
[Site "Willingen GER"]
[Date "2008.05.12"]
[Round "4"]
[White "Kuckling, Hannah"]
[Black "Rahimi, Rozafa"]
[Result "1-0"]
[Termination "normal"]
[Board "20"]
[WhiteElo "1531"]
[BlackElo "1297"]
[PlyCount "118"]
[WhiteFideId "24603660"]
[BlackFideId "24692280"]
[EventCountry "GER"]
[EventRounds "11"]
[EventType "swiss"]
[EventDate "2008.05.10"]

1. e4 c6 2. d4 d5 3. Nd2 dxe4 4. Nxe4 Bf5 5. Ng3 Bg6 6. Nf3 Nd7 7. Bd3 e6 8.
Bf4 c5 9. Bxg6 hxg6 10. d5 Qb6 11. b3 exd5 12. Qxd5 Ngf6 13. Qc4 Qb4+ 14. Qxb4
cxb4 15. O-O Nd5 16. Rfe1+ Be7 17. Bd6 f5 18. Nd4 Kf7 19. Bxe7 Nxe7 20. Nb5 b6
21. Rad1 Nc5 22. Rd4 Nc6 23. Rd6 Ne7 24. Red1 a6 25. Nc7 Rac8 26. Nd5 Nxd5 27.
R1xd5 b5 28. Rd4 a5 29. Rb6 Rb8 30. Rdd6 Rhe8 31. Kf1 f4 32. Ne2 g5 33. Nd4 Ne4
34. Rd7+ Kg8 35. Rxb8 Rxb8 36. f3 Nc3 37. Ne6 Re8 38. Nxg5 Nxa2 39. Ra7 Nc3 40.
Rxa5 Rd8 41. Ra1 Rd1+ 42. Rxd1 Nxd1 43. Ne6 Ne3+ 44. Kf2 Nxc2 45. Nxf4 Nd4 46.
Nd3 Nxb3 47. Nxb4 Kf7 48. Ke3 Ke6 49. Kd3 Nc5+ 50. Kd4 Nb3+ 51. Kc3 Nc5 52. Nd3
Nxd3 53. Kxd3 Kd5 54. h4 b4 55. g4 Ke5 56. Kc4 Kf4 57. h5 Kg5 58. Kxb4 g6 59.
hxg6 Kxg6 1-0

[Event "DEM U12/U12w 2008"]
[Site "Willingen GER"]
[Date "2008.05.12"]
[Round "4"]
[White "Voggenreiter, Simon"]
[Black "Wagner, Dennis"]
[Result "1/2-1/2"]
[Termination "normal"]
[Board "21"]
[WhiteElo "1746"]
[BlackElo "1943"]
[PlyCount "108"]
[WhiteFideId "24615501"]
[BlackFideId "24650684"]
[EventCountry "GER"]
[EventRounds "11"]
[EventType "swiss"]
[EventDate "2008.05.10"]

1. e4 e5 2. Nf3 Nc6 3. d4 exd4 4. Nxd4 Nf6 5. Nxc6 bxc6 6. e5 Qe7 7. Qe2 Nd5 8.
a4 Nb4 9. Bf4 d6 10. c3 Ba6 11. Qd2 Bxf1 12. Kxf1 dxe5 13. Bxe5 Qxe5 14. cxb4
Rd8 15. Qc2 Qd5 16. Nc3 Qc4+ 17. Qe2+ Qxe2+ 18. Kxe2 Bxb4 19. Rac1 O-O 20. Rhe1
Rd4 21. Kf1 Rfd8 22. Re3 f5 23. Re6 Rc4 24. Ke2 Kf7 25. Re3 Rcd4 26. Kf1 g6 27.
g3 R8d7 28. Rc2 Rd2 29. Re2 R2d3 30. Na2 c5 31. Rc4 R7d4 32. Rec2 Ba5 33. Nc1
Rd1+ 34. Kg2 Rxc4 35. Rxc4 Bb4 36. Na2 a5 37. Nxb4 cxb4 38. Rxc7+ Ke6 39. Kf3
Rd2 40. Rc5 Rxb2 41. Rxa5 Ra2 42. Ke3 b3 43. Rb5 b2 44. Kf3 Kd6 45. Ke3 Kc6 46.
Kf3 Ra3+ 47. Kg2 Ra2 48. Kf3 g5 49. h3 f4 50. gxf4 gxf4 51. Kg2 h5 52. h4 Kd6
53. Kf3 Ra3+ 54. Kg2 Ra2 1/2-1/2

[Event "DEM U12/U12w 2008"]
[Site "Willingen GER"]
[Date "2008.05.12"]
[Round "4"]
[White "Lebeda, Timo"]
[Black "Stolberg, Daniel"]
[Result "1-0"]
[Termination "normal"]
[Board "22"]
[WhiteElo "1889"]
[BlackElo "1372"]
[PlyCount "33"]
[WhiteFideId "4638565"]
[EventCountry "GER"]
[EventRounds "11"]
[EventType "swiss"]
[EventDate "2008.05.10"]

1. c4 e5 2. Nf3 Nf6 3. g3 Bc5 4. Nc3 e4 5. Ng5 Bxf2+ 6. Kxf2 Ng4+ 7. Ke1 Qxg5
8. d3 e3 9. Ne4 Qf5 10. Bh3 d6 11. Bxe3 Nxe3 12. Bxf5 Nxd1 13. Bxc8 Ne3 14. Kd2
Nxc4+ 15. dxc4 a5 16. Nc3 Ra7 17. Nb5 1-0

[Event "DEM U12/U12w 2008"]
[Site "Willingen GER"]
[Date "2008.05.12"]
[Round "4"]
[White "Müller, Alexandra"]
[Black "Niedermayer, Julian Andi"]
[Result "0-1"]
[Termination "normal"]
[Board "23"]
[WhiteElo "1532"]
[BlackElo "1739"]
[PlyCount "90"]
[WhiteFideId "24691496"]
[BlackFideId "24600792"]
[EventCountry "GER"]
[EventRounds "11"]
[EventType "swiss"]
[EventDate "2008.05.10"]

1. e4 c6 2. d4 d5 3. exd5 cxd5 4. Bd3 Nc6 5. c3 Qc7 6. Be3 Nf6 7. h3 e6 8. Nf3
Bd6 9. O-O Bd7 10. Re1 O-O 11. Qc2 Rac8 12. Bg5 Nb4 13. Qd2 Nxd3 14. Qxd3 Ne4
15. Bc1 Qb6 16. Nbd2 f5 17. a4 a5 18. Qc2 Rf6 19. Nf1 Rc4 20. Qd1 Qd8 21. N3d2
Rc8 22. Nxe4 fxe4 23. Bg5 Kh8 24. Bxf6 gxf6 25. Ne3 Qe7 26. f3 f5 27. fxe4 dxe4
28. Rf1 Qg5 29. Qe1 Rg8 30. h4 Qh5 31. Qc1 Qxh4 32. Rf2 Bg3 33. Rd2 Qh2+ 34.
Kf1 f4 35. Nc4 Qh1+ 36. Ke2 Qxg2+ 37. Kd1 Qf1+ 38. Kc2 Qxc4 39. b3 Qa6 40. Qh1
e3 41. Qh6 e5 42. Qxa6 bxa6 43. Re2 exd4 44. cxd4 Rc8+ 45. Kd3 Bf5# 0-1